Proteins: a guide to study by physical and chemical methods

Saved in:
Bibliografiske detaljer
Main Authors: Haschemeyer, Rudy H (Author), Haschemeyer, Audrey E (Author)
Format: Bog
Sprog:engelsk
Udgivet: Nueva York John Wiley 1973
Fag:
Tags: Tilføj Tag
Ingen Tags, Vær først til at tagge denne postø!

MARC

LEADER 00000nam a2200000 a 4500
001 UCT4059
003 CL-VaPUC
008 961108e19730000US |||||||||||||||||eng|d
082 0 4 |a 572.6  |b HAS  |2 21 
100 0 |a Haschemeyer, Rudy H  |e author  |9 373161 
700 0 |a Haschemeyer, Audrey E  |e author  |9 373162 
245 1 0 |a Proteins: a guide to study by physical and chemical methods 
300 |a 445 p 
942 |c BK 
945 |d 19961108 00:00:00  |a cmena 
260 |a Nueva York  |b John Wiley  |c 1973 
650 0 |a Química  |9 259896 
650 7 |a PROTEINAS  |2 CL-VaPUC  |9 373163 
650 0 |a Aminoácidos   |9 259616 
650 7 |a BIOSINTESIS DE PROTEINAS  |2 CL-VaPUC  |9 355280 
650 0 |a Enzimas  |9 262984 
650 0 |a Catálisis  |9 259915 
583 |a last modification  |c 19961108 00:00:00  |k Rodrigo Vera 
999 |c 253514  |d 253512 
952 |0 0  |1 0  |4 0  |6 572_600000000000000_HAS_1973  |7 0  |8 A  |9 274399  |a BIBCUR  |b BIBCUR  |d 2019-11-19  |i 1785265  |o 572.6 HAS 1973  |p 1785265  |r 2025-04-22  |w 2019-11-19  |y BK  |k QUI